[Event "IND-ch U15 39th"]
[Site "Kolkata"]
[Date "2013.08.08"]
[Round "4"]
[White "Karthik, V."]
[Black "Nishant, Kumar"]
[Result "1-0"]
[WhiteElo "2127"]
[BlackElo "1891"]
[PlyCount "93"]
[EventDate "2013.08.06"]
[EventType "swiss"]
[EventRounds "11"]
[EventCountry "IND"]
[SourceTitle "CBM 155 Extra"]
[Source "ChessBase"]
[SourceDate "2013.08.26"]
[SourceVersion "1"]
[SourceVersionDate "2013.08.26"]
[SourceQuality "1"]

1. Nf3 c5 2. e4 d6 3. d4 cxd4 4. Nxd4 Nf6 5. Nc3 Nc6 6. Bg5 e6 7. Qd2 Be7 8. 0-0-0 0-0 9. f4 h6 10. Bh4 a6 11. Nf3 Qa5 12. Bd3 Rd8 13. Kb1 b5 14. g4 b4 15. Ne2 d5 16. Bxf6 Bxf6 17. e5 Be7 18. f5 Bf8 19. Nc1 Qc7 20. Rde1 a5 21. g5 exf5 22. gxh6 g6 23. h4 b3 24. h5 bxc2+ 25. Qxc2 g5 26. Nxg5 Bxh6 27. Rhg1 Kh8 28. Bb5 Bxg5 29. Rxg5 Bd7 30. e6 Bxe6 31. Qxc6 Qf4 32. Qc3+ d4 33. Qg3 Qxg3 34. Rxg3 Rg8 35. Reg1 Rxg3 36. Rxg3 Kh7 37. Ne2 Kh6 38. Nf4 Rd8 39. Bd3 Bc8 40. Kc2 Be6 41. Nxe6 fxe6 42. Rg6+ Kxh5 43. Rxe6 Rd5 44. Kb3 Kg4 45. Kc4 Rd8 46. Re5 a4 47. Rxf5 1-0

[Event "IND-ch U15"]
[Site "Mumbai"]
[Date "2009.11.01"]
[Round "1"]
[White "Nishant, Kumar"]
[Black "Ankit, R Rajpara"]
[Result "0-1"]
[WhiteElo "1679"]
[BlackElo "2299"]
[PlyCount "96"]
[EventDate "2009.11.01"]
[EventType "swiss"]
[EventRounds "11"]
[EventCountry "IND"]
[SourceTitle "EXT 2011"]
[Source "ChessBase"]
[SourceDate "2010.11.26"]
[SourceVersion "1"]
[SourceVersionDate "2010.11.26"]
[SourceQuality "1"]

1. e4 c5 2. Nf3 Nc6 3. d4 cxd4 4. Nxd4 g6 5. Nxc6 bxc6 6. Qd4 Nf6 7. e5 Nd5 8. Bc4 Qb6 9. Qd2 Bg7 10. 0-0 Qc5 11. Bxd5 cxd5 12. Re1 0-0 13. b4 Qc6 14. Nc3 Bb7 15. b5 Qc4 16. a4 Rac8 17. Bb2 d6 18. Rad1 e6 19. f4 dxe5 20. fxe5 Rfd8 21. Qd3 Qc7 22. Qd4 Qa5 23. Qe3 Qb4 24. Qc1 Rxc3 25. Bxc3 Qxc3 26. Qg5 Qc7 27. Rd3 h6 28. Qh4 Rf8 29. c3 Rc8 30. Rg3 Bxe5 31. Rge3 Bg7 32. Rf1 Rf8 33. Kh1 e5 34. Qb4 f5 35. Rg3 Kh7 36. Rh3 Rd8 37. a5 d4 38. cxd4 exd4 39. Qa3 Be4 40. b6 axb6 41. axb6 Qxb6 42. Qe7 Qf6 43. Qb4 d3 44. Qd2 Rc8 45. Rg3 Rc2 46. Qd1 Qc6 47. Rg1 Be5 48. Rh3 Bxg2+ 0-1